Turč. Peter (MT) kaštieľ z 17.-18. st. od juhových.

Zobrazenie: pohľad na juhovýchodnú stranu kaštieľa, po stranách záberu stromy

Bibliographic Details
Other Authors: Fiedler, Jiří, 1935-2014 (Photographer)
Format: Photo
Language:Slovak
PhysicalDescription:1 pohľadnica čiernobiela 10 x 15 cm
Published: [Česko?] [vydavateľ neznámy] 1976
Subjects:

MARC

LEADER 00000nkm a2200000 4500
001 vtls011762863
003 SK-MaSNL
005 20260331211107.0
007 kf bo
008 210928s1976 xr g 00 k|slo
015 |a SNBG1976 
040 |a SNK  |b slo  |c SNK  |e rda 
041 0 |a slo 
043 |a e-xo--- 
044 |a xr  |c CZ 
072 7 |a 913  |x Regionálna geografia  |2 konspekt 
080 |a 913(437.6)  |2 2011 
080 |a (084.121)  |2 2011 
080 |a 728.82  |2 2011 
100 1 |a Fiedler, Jiří,  |d 1935-2014  |4 pht  |9 124234 
245 1 0 |a Turč. Peter (MT)  |b kaštieľ z 17.-18. st. od juhových.  |c [foto:] Jiří Fiedler 
264 1 |a [Česko?]  |b [vydavateľ neznámy]  |c 1976 
300 |a 1 pohľadnica  |b čiernobiela  |c 10 x 15 cm 
336 |a statický obraz  |b sti  |2 rdacontent 
337 |a bez média  |b n  |2 rdamedia 
338 |a karta  |b no  |2 rdacarrier 
520 8 |a Zobrazenie: pohľad na juhovýchodnú stranu kaštieľa, po stranách záberu stromy 
648 7 |a 17. storočie  |2 SNKPH  |9 276982 
648 7 |a 18. storočie  |2 SNKPH  |9 287325 
650 0 7 |a kaštiele  |2 SNKPH  |9 28599 
651 7 |a Turčiansky Peter (Slovensko)  |2 SNKPHgeo  |9 160000 
655 7 |a miestne pohľadnice  |2 SNKPH  |9 70510 
958 |a GBN 
958 |a TL 
958 |a GC 
958 |a OND 
999 |c 856494  |d 858424 
952 |a SNK  |b SNK  |y PREZ  |7 0  |p 17A1242681  |o snkSP 92335  |0 0  |1 0  |4 0  |d 2018-06-19  |f 1  |l 0  |r 2026-02-24 04:59:19  |w 2026-02-24